000 00341nam a2200145Ia 4500
003 OSt
005 20240208121108.0
008 170523s9999 xx 000 0 und d
020 _a978-0070213142
040 _ciimt university meerut
100 _aFLIPPO- EDWIN B
245 0 _aPERSONNEL MANAGEMENT
260 _bMC GRAW HILL
942 _2ddc
_c02
999 _c416
_d416